Enfoques del ecourbanismo para ciudades de América Latina : estudios de caso y escenarios de desarrollo /
Guardat en:
| Autor principal: | |
|---|---|
| Altres autors: | , |
| Format: | Llibre |
| Idioma: | espanyol |
| Publicat: |
México :
UAM Xochimilco,
2021, c2021
|
| Matèries: | |
| Etiquetes: |
Sense etiquetes, Sigues el primer a etiquetar aquest registre!
|
MARC
| LEADER | 00000nam^a2200000^a^4500 | ||
|---|---|---|---|
| 001 | 000554943 | ||
| 005 | 20250521000000.0 | ||
| 009 | 20260310131709.112 | ||
| 020 | |a 978-607-28-2429-4 | ||
| 037 | |a Acervo ITESO - Biblioteca | ||
| 041 | |a ESP | ||
| 082 | |a 711. 40980 |b ENF V. 2 | ||
| 100 | |a Torres Lima, Pablo Alberto |e (coordinación) | ||
| 240 | 1 | 1 | |a [Enfoques del ecourbanismo para ciudades de América Latina] |
| 245 | 1 | 0 | |a Enfoques del ecourbanismo para ciudades de América Latina : |b estudios de caso y escenarios de desarrollo / |c Coord. de P.A. Torres Lima, A. Cedeño Valdiviezo, A. de Urbina. |
| 264 | 4 | |a México : |b UAM Xochimilco, |c 2021, c2021 | |
| 300 | |a 162 p. | ||
| 336 | |a texto |b txt |2 rdacontenido | ||
| 337 | |a sin mediación |b n |2 rdamedio | ||
| 338 | |a volumen |b nc |2 rdasoporte | ||
| 521 | |a FIL 2022 DIA | ||
| 649 | |a XX | ||
| 650 | |a Desarrollo Urbano - |z Latinoamérica | ||
| 650 | |a Desarrollo Sustentable | ||
| 650 | |a Zonas Urbanas | ||
| 650 | |a Cambios Sociales y Culturales | ||
| 650 | |a Estudios de Caso | ||
| 650 | |a Metodología Cualitativa | ||
| 650 | |a Sociología Urbana | ||
| 650 | |a Ecología - |x Tema Principal | ||
| 650 | |a Urbanismo - |z Latinoamérica - |x Tema Principal | ||
| 700 | |a Cedeño Valdiviezo, Alberto |e (coordinación) | ||
| 700 | |a Urbina, Amparo de |e (coordinación) | ||
| 910 | |a Fondo General | ||
| 920 | |a Impresos - Libros | ||
| 930 | |a Colección General | ||
| 905 | |a 101 | ||
| 901 | |a 0500387588 |b IT1 |c ACC |i C180735 |u 20250521 | ||
| 902 | |a https://opac.biblio.iteso.mx/vufind/Record/000554943 | ||